Every Class 1 Mississippi Senator - Statistics

General Stats
  • This quiz has been taken 26 times
  • The average score is 8 of 25
Answer Stats
Picture Hint Answer % Correct
R(1989-2007) Trent Lott
100%
R(2007-) Roger Wicker
75%
D(1857-1870) Jefferson Davis
50%
D(1847-1851) Jefferson Davis
50%
R(1870-1874) Adelbert Ames
25%
R(1875-1881) Blanche K. Bruce
25%
JR(1820-1825) David Holmes
25%
R(1874-1875) Henry R. Pease
25%
D(1897-1911) Hernando D. Money
25%
D(1923-1935) Hubert D. Stephens
25%
D(1838-1838) James F. Trotter
25%
D(1881-1897) James Z. George
25%
D(1845-1847) Jesse Speight
25%
W(1832-1838) John Black
25%
D(1947-1989) John C. Stennis
25%
W(1839-1845) John Henderson
25%
D(1851-1852) John J. McRae
25%
D(1911-1923) John Sharp Williams
25%
J(1827-1832) Powhatan Ellis
25%
J(1825-1826) Powhatan Ellis
25%
D(1852-1857) Stephen Adams
25%
D(1935-1947) Theodore G. Bilbo
25%
J(1826-1827) Thomas B. Reed
25%
D(1838-1839) Thomas Hickman Williams
25%
R(1817-1820) Walter Leake
25%
No matching quizzes found
Score Distribution
Percent of People with Each Score
Percentile by Number Answered
Your Score History
You have not taken this quiz